Textbook of Biochemistry & Biophysics for Nurses (Record no. 1722)

MARC details
000 -LEADER
Fixed length control field 00565nam a22002177a 4500
003 - CONTROL NUMBER IDENTIFIER
Control field IIN
005 - DATE AND TIME OF LATEST TRANSACTION
Control field 20250402153420.0
008 - FIXED-LENGTH DATA ELEMENTS--GENERAL INFORMATION
Fixed length control field 250402b |||adf|| |||| 001 0 eng d
020 ## - INTERNATIONAL STANDARD BOOK NUMBER / ISBN
International Standard Book Number 9789354655760
Price Rs.795.00
040 ## - CATALOGING SOURCE
Original cataloging agency IIN
082 ## - DEWEY DECIMAL CLASSIFICATION NUMBER
Classification number 612.014
Book Number SHA
100 ## - MAIN ENTRY--PERSONAL NAME
Personal name Sharma, Suresh K.
245 ## - TITLE STATEMENT
Title Textbook of Biochemistry & Biophysics for Nurses
Statement of responsibility Suresh K. Sharma
250 ## - EDITION STATEMENT
Edition statement 2nd ed.
260 ## - IMPRINT
Place of publication New Delhi
Name of publisher Jaypee
Date of publication 2023
300 ## - PHYSICAL DESCRIPTION
Page / Vol. No xxii, 322 p.
Other physical details ill.
500 ## - GENERAL NOTE
General note Includes Index
650 ## - SUBJECT ADDED ENTRY--TOPICAL TERM
Topical term Biochemistry
650 ## - SUBJECT ADDED ENTRY--TOPICAL TERM
Topical term Biophysics
942 ## - ADDED ENTRY ELEMENTS (KOHA)
Koha item type Books
Holdings
Withdrawn status Lost status Source of classification Damaged status Not for loan Collection code Home library Current library Shelving location Date acquired Price Total Checkouts Call number Accession number Date last seen Price effective from Koha item type
    Dewey Decimal Classification     Purches Book IDEAL INSTITUTE OF NURSING IDEAL INSTITUTE OF NURSING General Stacks 11/03/2025 795.00   612.014 SHA 1762 02/04/2025 02/04/2025 Books
© Ideal Institute Of Nursing, All rights reserved.         Powered by Koha